000 00964nam a2200229 a 4500
001 39932
003 BD-RjUL
005 20211209053109.0
008 160420s1958 ii ||||| |||| 00| 0 ben d
020 _c: IRs 5.00
035 _a(BD-RjUL)40046
040 _aBD-RjUL
_bben
_cBD-RjUL
041 _aben
082 _223
_a891.4409
_bPUT 1958
100 _aপুরকায়স্থ, মোহিত
_9123007
245 1 0 _aত্রিপুরায় বাঙলা ভাষা ও সাহিত্য /
_cমোহিত পুরকায়স্থ
260 _aকলিকাতা ঃ
_bফার্মা কে. এল. মুখপাধ্যায়,
_c১৯৫৮
300 _a[১০], ২৪৪ পৃ. ;
_c২১ সেমি
650 _aবাংলা সাহিত্য
_xইতিহাস ও সমালোচনা
_9118060
650 _aBengali Literature
_xHistory and Criticism
_9117020
942 _2ddc
_cBK
999 _c39932
_d39932